000 02307cam a22004814i 4500
003 PE-LiUPU
005 20250731173432.0
008 150706s2009 flua r 000 0 spa d
020 _a9780829754582
035 _a(Sirsi) i9780829754582
040 _aPE-LiUPU
_bspa
_cPE-LiUPU
_erda
049 _aPRUA
082 0 4 _a259.22
_bF79
_221
100 1 _aFowler, Larry,
_eautor.
245 1 0 _aNiños firmes en la fe :
_bdándoles a los niños fundamentos bíblicos para la vida /
_cFowler, Larry.
264 1 _aMiami, Florida :
_bVida,
_c2009.
300 _a140 páginas :
_bilustraciones ;
_c23 centímetros
336 _atext
_2rdacontent
337 _aunmediated
_2rdamedia
338 _avolume
_2rdacarrier
500 _aTítulo original: Rock-Slid Kids.
505 0 _aNo es una imagen bonita -- La importancia del ministerio de los niños-Marcos 10:14 -- ¡Devuélvelo! -- La responsabilidad del ministerio de los niños - Efesios 6:4 -- La batalla por el equilibrio -- El contenido del ministerio de niños - Deuteronomio 32:46-47 -- Es cuestión de tiempo -- El modelo del ministerio para los niños - Deuteronomio 6:6-9 -- Evitar la carga -- La advertencia sobre ministrar a los niños-Mateo 18:6 -- Cinco panes y dos peces -- Los niños que sirven en el ministerio-Juan 6:9 -- Un enfoque claro el mensaje para el ministerio de los niños-2 Timoteo 3:15 -- La hora dorada -- La oportunidad del ministerio de los niños -Marcos 10:14-16.
526 _aSEG42
526 _aSEG41
526 _aSEG40
526 _aSEG39
526 _aP94
526 _aP87
526 _aP86
526 _aP85
526 _aP77
526 _aP76
526 _aP35
541 _g001-0000631;
650 0 4 _aTrabajo de la Iglesia con niños.
700 1 _aSawin, Gisela,
_etraductor.
910 _agl
_clch
_d20130808
942 _2ddc
_cBOOK
949 _a259.22 F79
_wDEWEY
_c1
_i67912
_lCCODEBUL1
_mBUL
_p17.00
_r0
_sY
_tBOOK
_u2015-7-6
_xTEOLOGIA
_PP35
_o.STAFF. Colección General
994 _aC0
_bPEPRU
596 _a1
999 _a259.22 F79
_wDEWEY
_c55422
_i67912
_d55422
_e2016-2-4
_f2021-11-10
_g5
_lCCODEBUL1
_mBUL
_n1
_p17.00
_r0
_sY
_tBOOK
_u2015-7-6
_xTEOLOGIA
_PP35
_0COMPRA
_o.STAFF. Colección Teología
980 _81
_gALBERTO SANCHEZ Responsable de Automatización